| 000 | 01165cam a2200337 i 4500 | ||
|---|---|---|---|
| 999 |
_c200441516 _d59728 |
||
| 001 | 200441516 | ||
| 003 | TR-AnTOB | ||
| 005 | 20221004103655.0 | ||
| 007 | ta | ||
| 008 | 700302s1962 fr b 000 0 eng | ||
| 010 | _a 77200276 | ||
| 035 | _a(TR-AnTOB)200441516 | ||
| 040 |
_aDLC _beng _erda _cDLC _dDLC _dTR-AnTOB |
||
| 041 | 0 | _aeng | |
| 050 | 0 | 4 |
_aHD5764.M4 _bP376 1962 |
| 090 |
_aHD5764.M4 _bP376 1962 |
||
| 100 | 1 |
_aParnes, Herbert S., _d1919-2006 _eauthor _9130905 |
|
| 245 | 1 | 0 |
_aForecasting educational needs for economic and social development / _cby Herbert S. Parnes. |
| 264 | 1 |
_a[Paris] : _bOrganisation for Economic Co-operation and Development, _c[1962] |
|
| 300 |
_a113 pages ; _c24 cm |
||
| 336 |
_atext _btxt _2rdacontent |
||
| 337 |
_aunmediated _bn _2rdamedia |
||
| 338 |
_avolume _bnc _2rdacarrier |
||
| 500 | _aAt head of title: OECD. The Mediterranean Regional Project. | ||
| 650 | 0 |
_aManpower policy _zMediterranean Region _9130996 |
|
| 650 | 0 |
_aEducational planning _zMediterranean Region _9130810 |
|
| 710 | 2 |
_aMediterranean Regional Project _9130809 |
|
| 942 |
_2lcc _cBK |
||